Huby

Bibliographic Details
Main Authors: Jongepier, Jan Wilem, 1951- (Author), Antonín, Vladimír, 1955- (Author)
Format: Article
Language:Czech
PhysicalDescription:Obr. 6
ISBN:8085559099
Subjects:

MARC

LEADER 00000nab a2200000 a 4500
001 vtls000563584
003 SK-MaSNL
005 20260303234714.0
008 160201c1992 xo 0 cze
015 |a SNBRA19rr/mm-uuuuu 
035 |a CL0563722 
040 |a SNKBUCL  |b slo  |c SNKBUCL  |e AACR2 
041 0 |a cze 
044 |a xo  |c SK 
080 |a 582.28(234.372.3):581.9(234.372.3):502.4(437.6):502.4(437.1/.2)  |2 1981 
080 |a 581.9(234.372.3)  |2 1981 
080 |a 502.4(437.6)  |2 1981 
080 |a 502.4(437.1/.2)  |2 1981 
100 1 |a Jongepier, Jan Wilem,  |d 1951-  |4 aut  |9 12316 
245 1 0 |a Huby  |c Jan Willem Jongepier, Vladimír Antonin 
300 |b Obr. 6 
650 0 7 |a huby  |2 snkbucl  |9 3562 
650 0 7 |a Chráněná krajinná oblast Bílé Karpaty (Česko)  |2 snkbucl  |9 993370 
651 7 |a Chránená krajinná oblasť Biele Karpaty (Slovensko)  |2 snkbucl  |9 15065 
655 7 |a články zo zborníkov  |2 snkbucl  |9 166140 
700 1 |a Antonín, Vladimír,  |d 1955-  |4 aut  |9 42068 
773 0 |t Biele - Bílé Karpaty - chránená krajinná oblasť  |d Bratislava : Ekológia, 1992  |g S. 99-107  |z 8085559099 
773 0 |d Liptovský Mikuláš : Ústredie štátnej ochrany prírody 
850 |a Slovenská národná knižnica v Martine  |a MTA001 
852 |a SNK  |b KIS3GCP 
958 |a RK 
958 |a CZ 
958 |a SK 
992 |a RZB 
999 |c 2522137  |d 2524067